| 000 | 02771cam a2200397 a 4500 | ||
|---|---|---|---|
| 001 | 15190448 | ||
| 005 | 20170105102915.0 | ||
| 008 | 080222s2009 enkab b 001 0 eng | ||
| 010 | _a 2008007131 | ||
| 020 | _a9780415456913 (hardback : alk. paper) | ||
| 020 | _a0415456916 (hardback : alk. paper) | ||
| 020 | _a9780203892350 (ebook) | ||
| 020 | _a0203892356 (ebook) | ||
| 035 | _a(OCoLC)202540305 | ||
| 035 | _a(OCoLC)ocn202540305 | ||
| 040 |
_aDLC _cDLC _dBAKER _dYDXCP _dBTCTA _dBWK _dOCLCG _dC#P _dCDX _dBWX _dDLC |
||
| 043 | _aaz----- | ||
| 050 | 0 | 0 |
_aDS339.4 _b.S667 2009 |
| 082 | 0 | 0 |
_a305.891/4 _222 |
| 245 | 0 | 4 |
_aThe South Asian diaspora : _btransnational networks and changing identities / _cedited by Rajesh Rai and Peter Reeves. |
| 260 |
_aLondon ; _aNew York : _bRoutledge, _c2009. |
||
| 300 |
_axiii, 215 p. : _bill., maps ; _c25 cm. |
||
| 440 | 0 |
_aRoutledge contemporary South Asia series ; _v11 |
|
| 504 | _aIncludes bibliographical references and index. | ||
| 505 | 0 | _aEthnicity, locality and circulation in two diasporic merchant networks from South Asia / Claude Markovits -- The social world of Gujarati merchants and their Indian Ocean networks in the seventeenth century / Murari Kumar Jha -- Subaltern networks in a colonial diaspora : a study of Indian migrants and Mauritius / Marina Carter -- An entrepreneurial diaspora? Transnational space and India's international economic expansion / Peter Reeves -- Indians in Southeast Asia : migrant labour, knowledge workers and the new India / Amarjit Kaur -- Indo-Fijians : roots and routes / Brij V. Lal -- From Bharat to Sri Ram Desh : the emigration of Indian indentured labourers to Suriname / Chan E.S. Choenni -- Sociological reflections on the diasporic Bangladeshis in Singapore and USA / Habibul Haque Khondker -- The attrition and survival of minor South Asian languages in Singapore / Rajesh Rai -- Forging kinship with food : the experience of South Indians in Malaysia / Theresa W. Devasahayam -- Bhai Maharaj Singh and the making of a 'model minority' : Sikhs in Singapore / Tan Li Jen -- 'The familiar temporariness' : Naipaul, diaspora and the literary imagination : a personal narrative / Vijay Mishra. | |
| 650 | 0 |
_aSouth Asians _zForeign countries. |
|
| 650 | 0 |
_aSouth Asians _xEthnic identity. |
|
| 650 | 0 | _aSouth Asian diaspora. | |
| 651 | 0 |
_aSouth Asia _xEmigration and immigration. |
|
| 700 | 1 | _aRai, Rajesh. | |
| 700 | 1 |
_aReeves, Peter, _d1935- |
|
| 856 | 4 | 1 |
_3Table of contents only _uhttp://www.loc.gov/catdir/toc/fy0903/2008007131.html |
| 906 |
_a7 _bcbc _corignew _d1 _eecip _f20 _gy-gencatlg |
||
| 942 |
_2ddc _cBK |
||
| 999 |
_c15292 _d15292 |
||